000 00849nam a22002657a 4500
001 BR0301382
003 BR-BrBNA
005 20230928101244.0
007 ta
008 230509b bl.||||| |||| 00| 0 por d
040 _aBR-BrBNA
_bpor
_cBiblioteca Nacional de Agricultura
041 _a(Por)
072 _aU10
090 _ U10 BR0301382
100 1 _aCirillo, M.A.
110 1 _aUniversidade Federal de Lavras, MG (Brasil)
_0Tese (Mestrado)
245 1 _aTeste de normalidade e avaliação por simulação Monte Carlo do problema de Behrens-Fisher no espaço p-dimensional
260 3 _aLavras, MG (Brasil):
_c2003.
300 _a128 p.
500 _aSummaries (Eng, Por); Several bibliography; 21 tables; 51 illus.
650 _aMÉTODO ESTATÍSTICO
650 _aSIMULAÇÃO
909 _a202309
_bLucia
_c55
_dLucia Elande
942 _cBK
999 _c64948
_d64948